00993nam a22002297a 45000010005000000030006000050050017000110080041000280200018000690400029000870500008001160820008001241000018001322450060001502500023002102600048002333000063002815050008003445200362003525210029007145210020007438165FISKH20250829162518.0250829b cb ||||| |||| 00| 0 eng d a9780763638986 aFISKHbengcFISKHdFISKH aPZ7 a823 aCaple, Kathy  aTermite taps /cWritten and illustrated by Kathy Caple  aFirst Edition 2009 aMassachusetts :bCandlewick Press , c2009. a8 unnumbered pages : bcolor illustrations ;c14 x20 cm .  aC  aTermite taps, Kazam's coins, The chase , Happy birthday, Rosa! , Monkey's loose tooth, Monkey eats worms, Piggy's sandwich, Hungry cat, Worm paints, Otter's picnic , Otter's apples, Termite helps, Monkey, watch out!, Happy birthday, Ethan's bike, Ethan's cat, Bump! Thump! Splat!, Tabby cat at night, Otter makes bubbles, Pop Pop Pop Pop Pop, look at me fly8 a100 bLexile estimate 8 aC bRaz-Plus